| 000 | 00403nam a2200169Ia 4500 | ||
|---|---|---|---|
| 008 | 260407s2023 xx 000 0 und d | ||
| 041 | _aeng | ||
| 082 |
_a615/YAD _b11982 |
||
| 100 | _aDR.YADAV A V | ||
| 245 | _aPHARMACOLOGY -I | ||
| 250 | _a3RD | ||
| 260 |
_aPUNE _bNIRALI PRAKASHAN _c2023 |
||
| 300 | _a6.4p | ||
| 650 | _aPHARMACOLOGY | ||
| 650 | _aPHARMACOLOGY -I | ||
| 700 | _aDR. CHOPADE A.R | ||
| 999 |
_c1219474 _d1219474 |
||